Sports Quiz

Random Sports or WWE Quiz

Every NXT UK Tag Team Championship challenger Quiz Stats

 Plays Quiz not verified by Sporcle

Support Sporcle.
Go Orange.
Score 0/30 Timer 02:00
0 Plays Today
Champions Challenger % Correct
Tag team match for inaugural NXT UK Tag Team ChampionshipsZack Gibson
100%
Tag team match for inaugural NXT UK Tag Team ChampionshipsJames Drake
100%
Flash Morgan Webster & Mark Andrews (c) vs ________Zack Gibson
100%
Flash Morgan Webster & Mark Andrews (c) vs ________James Drake
100%
Gallus (c) vs ________Zack Gibson
100%
Gallus (c) vs ________James Drake
100%
Zack Gibson & James Drake (c) vs ________Mark Andrews
98.5%
Zack Gibson & James Drake (c) vs ________Flash Morgan Webster
98.5%
Zack Gibson & James Drake (c) vs ________Mark Coffey
98.5%
Zack Gibson & James Drake (c) vs ________Wolfgang
98.5%
Flash Morgan Webster & Mark Andrews (c) vs ________Mark Coffey
98.5%
Flash Morgan Webster & Mark Andrews (c) vs ________Wolfgang
98.5%
Gallus (c) vs ________Flash Morgan Webster
98.5%
Gallus (c) vs ________Mark Andrews
98.5%
Tag team match for inaugural NXT UK Tag Team ChampionshipsTyler Bate
86.2%
Champions Challenger % Correct
Tag team match for inaugural NXT UK Tag Team ChampionshipsTrent Seven
86.2%
Zack Gibson & James Drake (c) vs ________Tyler Bate
86.2%
Zack Gibson & James Drake (c) vs ________Trent Seven
86.2%
Gallus (c) vs ________Fabian Aichner
76.9%
Gallus (c) vs ________Fabian Aichner
76.9%
Gallus (c) vs ________Marcel Barthel
75.4%
Gallus (c) vs ________Marcel Barthel
75.4%
Zack Gibson & James Drake (c) vs ________Danny Burch
49.2%
Zack Gibson & James Drake (c) vs ________Oney Lorcan
49.2%
Zack Gibson & James Drake (c) vs ________Noam Dar
47.7%
Zack Gibson & James Drake (c) vs ________Kenny Williams
41.5%
Gallus (c) vs ________Lewis Howley
33.3%
Gallus (c) vs ________Sam Stoker
33.3%
Gallus (c) vs ________Primate
0%
Gallus (c) vs ________Wild Boar
0%

You're not logged in!

Compare scores with friends on all Sporcle quizzes.
OR
Log In

From the Vault

Countries Starting and Ending with Consonants

by Shaft41

At least these consonants are consistent.
Remove Ads.
Support Sporcle.
Get the best of Sporcle when you Go Orange. This ad-free experience offers more features, more stats, and more fun while also helping to support Sporcle. Thank you for becoming a member.

Show Comments

Extras

Top Quizzes Today


Score Distribution

Your Account Isn't Verified!

In order to create a playlist on Sporcle, you need to verify the email address you used during registration. Go to your Sporcle Settings to finish the process.

Report this User

Report this user for behavior that violates our Community Guidelines.

Details: